000 00428nam a2200169Ia 4500
003 LK-CoDNM
005 20230916153616.0
008 010623t1840 xxu||||| |||| 00| 1 eng d
040 _aLK-CoDNM
_dLK-CoDNM
_eLK-CoDNM
041 _aeng
080 _a12F8
100 _aBanks,J.
245 _aDictionary of the English and Russian Languages
260 _bSemen Press
_aMoscow
_c1840
300 _bXVII,829p., 20 cm
942 _cBK
999 _c81173
_d81173